1428 1903 1636 1335 1713 1846 1653 1836 1430 1409 1654 1298 1711 1449 1382 1308 1013 1520 1783 1262 1389 1719 1666 1511 1430 1412 1573 1336 1793 1643 1947 1984 1162 1609 1359 1440 1979 1792 1713 1740 1222 1226 1863 1077 1347 1829 1673 1254 1317 1781 1735 1425 1380 1357 1519 1235 1249 1536 1024 1766 1334 1666 1408 1843 1784 1400 1844 1231 1042 1316 1686 1303 1012 1046 1452 1408 1408 1793 1994 1540 1259 1295 1766 1326 1114 1370 1194 1736 1512 1244 1595 1750 1726 1818 1178 1497 1298 1540 1319 BCNSPRNW ULIB Ver.6.0+V

เปลี่ยนเป็นภาษาไทย

Change to English
 แสดงรายละเอียดบรรณานุกรม
  กลับหน้าหลัก

Brief Record : Get Marc (ISO 2709) : E-mail record : QR code < ปิดหน้าต่าง
LEADER : 00000nam 2200000uu 4500
001    13399126985
003     ULIB
008    190923s2559||||th 000 0 tha d
020    ^a9786165383028
060    ^aWT100^bป533ก
100    ^aปัทมาวดี สิงหจารุ
245    ^aการออกกำลังกายสำหรับผู้สูงอายุ
250    ^aพิมพ์ครั้งที่ 1
260    ^aกรุงเทพฯ :^bโอเดียนสโตร์,^c2559
300    ^a200 หน้า:^bภาพประกอบ
650    ^aการออกกำลังกาย
650    ^aผู้สูงอายุ^xการออกกำลังกาย
945    ^p160^l0^i006100
945    ^p160^l0^i006099
945    ^p160^l0^i006098
945    ^p160^l0^i006101
945    ^p160^l0^i006102
999    ^aประนอม เกษจรัล
รายการนี้ยังไม่มีแท็ก
คุณยังไม่ได้ล็อกอิน คุณสามารถมีกิจกรรมร่วมกับเว็บไซต์ได้ แต่ต้องล็อกอินก่อน ::
  ล็อกอิน

รายการสื่อสารสนเทศ

ลำดับที่ ประเภท เลขเรียก/บาร์โค้ด สถานที่ สถานะ
1. วิทยาศาสตร์การแพทย์ และสุขภาพ
วิทยาศาสตร์การแพทย์ และสุขภาพ
สถานะ=หนังสือเก่า
WT100 ป533ก ฉ.1 
  Barcode: 006098
ห้องสมุดวิทยาเขตสวรรค์ประชารักษ์
►ส่วนจัดเก็บหนังสือเก่า สปร
บนชั้น
  ขอยืม
2. วิทยาศาสตร์การแพทย์ และสุขภาพ
วิทยาศาสตร์การแพทย์ และสุขภาพ
สถานะ=หนังสือเก่า
WT100 ป533ก ฉ.2 
  Barcode: 006099
ห้องสมุดวิทยาเขตสวรรค์ประชารักษ์
►ส่วนจัดเก็บหนังสือเก่า สปร
บนชั้น
  ขอยืม
3. วิทยาศาสตร์การแพทย์ และสุขภาพ
วิทยาศาสตร์การแพทย์ และสุขภาพ
สถานะ=หนังสือเก่า
WT100 ป533ก ฉ.3 
  Barcode: 006100
ห้องสมุดวิทยาเขตสวรรค์ประชารักษ์
►ส่วนจัดเก็บหนังสือเก่า สปร
บนชั้น
  ขอยืม
4. วิทยาศาสตร์การแพทย์ และสุขภาพ
วิทยาศาสตร์การแพทย์ และสุขภาพ
สถานะ=หนังสือเก่า
WT100 ป533ก ฉ.4 
  Barcode: 006101
ห้องสมุดวิทยาเขตสวรรค์ประชารักษ์
►ส่วนจัดเก็บหนังสือเก่า สปร
บนชั้น
  ขอยืม
5. วิทยาศาสตร์การแพทย์ และสุขภาพ
วิทยาศาสตร์การแพทย์ และสุขภาพ
สถานะ=หนังสือเก่า
WT100 ป533ก ฉ.5 
  Barcode: 006102
ห้องสมุดวิทยาเขตสวรรค์ประชารักษ์
►ส่วนจัดเก็บหนังสือเก่า สปร
บนชั้น
  ขอยืม

รายการใกล้เคียง
    ชื่อเรื่อง [การออกกำลังกายสำหรับผู้สูงอายุ]

    ผู้แต่ง [ปัทมาวดี สิงหจารุ]

    หัวเรื่อง [การออกกำลังกาย]

BibComment


ยังไม่เคยถูกคอมเมนท์

คอมเมนท์ทรัพยากรรายการนี้
  คอมเมนท์: การออกกำลังกายสำ..


 Copyright 2026. Bcnsprnw @Library